| 000 | 01172cam a2200205 4500 | ||
|---|---|---|---|
| 001 | WB4001-14 | ||
| 008 | 031219n2003 000 0 eng u | ||
| 035 | _a(Sirsi) u124658 | ||
| 245 | _aNew gateway to environmental law | ||
| 260 | _c2003 | ||
| 490 |
_aRICS Environment Faculty News _v15 December 2003 (1) |
||
| 520 | _aAccess to the world's largest environmental law database is now freely available on the internet. Ecolex is based on the legal holdings of the Food and Agriculture Organisation of the United Nations, the World Conservation Union and the United Nations Environment Programme. It covers treaties, national legislation, soft law and other non-binding policy, technical guidance and judicial decisions. Ecolex is available at http://www.ecolex.org/index.php. http://www.rics.org/ricscms/bin/show?class=News&template=/includes/shownews.html&id=7830&faculty=Environment&faculty=All%20Faculties | ||
| 590 | _aWB | ||
| 650 | _aFOOD AND AGRICULTURE ORGANISATION | ||
| 650 | _aWORLD CONSERVATION UNION | ||
| 650 | _aUNITED NATIONS ENVIRONMENT PROGRAMME | ||
| 650 | _aENVIRONMENTAL MANAGEMENT | ||
| 690 | _aENVIRONMENT-ENVIRONMENTAL LAW | ||
| 942 | _n0 | ||
| 999 |
_c73980 _d73980 |
||